000 00880nam a2200205Ii 4500
003 JO-AjNU
008 230605s9999||||xx |||||||||||||| ||und||
040 _aJO-AjNU
_bara
_erda
_cJO-AjNU
041 _aara
050 1 4 _aPJ6065.I8248 2005
100 3 _aتأليف العيسوي، جمال مصطفى ؛ محمد محمود محمد موسى ؛ عبد الغفار محمد الشيرازي,
_eauthor
_923644
245 0 0 _aطرق تدريس اللغة العربية بمرحلة التعليم الأساسي (بين النظرية والتطبيق)
250 _aط1
264 3 1 _aالعين: دار الكتاب الجامعي، 2005
300 _a345ص
336 _atext
_btxt
_2rdacontent
337 _aunmediated
_bn
_2rdamedia
338 _avolume
_bnc
_2rdacarrier
650 4 _aاللغة العربية - تعلم وتعليم - التعليم الأساسي
_923645
999 _aA8583
_c12151
_d12151